Murmullos de la selva : pàginas de divulgación forestal : primer premio del concurso abierto por el Consejo de Fomento / por Ignacio Echeverria pàginas de divulgación forestal :
Descripción Física:
75 p. ; 22 cm
Materias:
Boscos -- Protecció
MARC
| LEADER | 00000nam a2200000Ia 4500 | ||
|---|---|---|---|
| 001 | 2217 | ||
| 008 | 160829s1927 xx 000 0 cat d | ||
| 080 | |a C-1-500 | ||
| 100 | |a Echeverría Ballarín, Ignacio |9 20164 | ||
| 245 | |a Murmullos de la selva : |b pàginas de divulgación forestal : |b primer premio del concurso abierto por el Consejo de Fomento / por Ignacio Echeverria | ||
| 260 | |a Barcelona : |b Consejo Provincial de Fomento, |c 1927 (Talleres Gráficos Juan Fontana) | ||
| 300 | |a 75 p. ; |c 22 cm | ||
| 650 | 0 | |a Boscos |x Protecció |9 20165 | |
| 901 | |a Arxiu | ||
| 942 | |n 1 | ||
| 952 | |0 0 |1 0 |4 0 |6 C1500 |7 1 |9 41469 |a Arxiu |b Arxiu |d 2016-12-01 |l 0 |o C-1-500 |p 2217 |r 2016-12-01 00:00:00 |w 2016-12-01 |y ARXIU | ||
| 999 | |c 43277 |d 43277 | ||